书目信息 |
| 题名: |
拘留
|
|
| 作者: | 程琳 著 | |
| 分册: | ||
| 出版信息: | 北京 作家出版社 2003.05 |
|
| 页数: | 318页 | |
| 开本: | 20cm | |
| 丛书名: | ||
| 单 册: | ||
| 中图分类: | I247.5 | |
| 科图分类: | ||
| 主题词: | 小说--中国 | |
| 电子资源: | ||
| ISBN: | 7-5063-2673-6 | |
| 000 | 00503nam0 2200193 45 | |
| 001 | 0461162780 | |
| 005 | 2004051816592250 | |
| 010 | @a7-5063-2673-6@dCNY 18.00 | |
| 100 | @a20040518d2003 km y0chiy0120 ea | |
| 101 | 0 | @achi |
| 102 | @aCN@b110000 | |
| 200 | 1 | @a拘留@AJu Liu@f程琳著@FCheng Lin Zhu |
| 210 | @a北京@c作家出版社@d2003.05 | |
| 215 | @a318页@d20cm | |
| 606 | 0 | @a小说@x中国 |
| 690 | @aI247.5@v4 | |
| 701 | 0 | @a程琳@ACheng Lin@4著 |
| 801 | 0 | @aCN@bPFT@c20040518 |
| 905 | @a安徽大学@dI247.5@eC755 | |
| 拘留/程琳著.-北京:作家出版社,2003.05 |
| 318页;20cm |
| ISBN 7-5063-2673-6:CNY 18.00 |
| ● |
| 相关链接 |
|
|
|
正题名:拘留
索取号:I247.5/C755
 
预约/预借
| 序号 | 登录号 | 条形码 | 馆藏地/架位号 | 状态 | 备注 |
| 1 | 375919 | 203759192 | 文学库108/ [索取号:I247.5/C755] |
已借出,限还日期为2037.02.16 借出人:中级法院 |
|
| 2 | 375920 | 203759209 | 社科二线422/422社科库 14排2列2层/ [索取号:I247.5/C755] | 在馆 | |
| 3 | 375921 | 203759218 | 文学库108/ [索取号:I247.5/C755] | 在馆 |